LEADER 01085nam a2200289 i 4500 001 000000108856 003 CaOOAMICUS 005 20091125000000.0 008 091125s1984 gw u000 u ger u 013 $a81536 020 $a3-265-10280-7 040 $aSeMil$bita 100 1 $aSchönborn, Christoph,$c.$0(OLS)http://semarc/name/18215 245 10$aEinheit im Glauben /$cCristoph Schönborn. 260 $aEinsiedeln :$bJohannes,$ccopyr. 1984. 300 $a99 p. ;$c19 cm. 490 0 $aKriterien ;$v70 500 $aFondo Card. C.M. Martini. 650 4$aFede - Introduzione.$0(OLS)http://semarc/subject/3779 830 0$aKriterien ;$v70.$0(OLS)http://semarc/title/10120 850 $aSeMil 852 $aSeMil$W1$xVenegono$y1$m2F I 285$j64911$B64911$CSeMilBibl$Z2$F102235 $81 941 1 $a4 961 $aOmaggio: Martini Card. Carlo Maria 996 $6020$a3-265-10280-7$9(OLS)http://semarc/number/89977 996 $6245$aEinheit im Glauben$9(OLS)http://semarc/title/157935 996 $6260$aEinsiedeln :$bJohannes$9(OLS)http://semarc/publisher/32069 LEADER 00922nab a2200157 i 4500 001 000000285280 003 CaOOAMICUS 005 20180831165311.0 008 180831n xx uu u0 0und r 013 $a38709 040 $aSeMil$bita 245 13$aIl carattere della razionalità moderna ; L'autonomia scolastica come riforma delle istituzioni ; La risorsa educativa della continuità ; Don Milani :$briparliamone ; Contiene : Inserto "Trasferimenti e passaggi guida alla mobilità 96/97... - 112 p. 500 $a15 febbraio 1996. 773 0 $t1995-1996.$dBrescia : La Scuola, 1996.$w()239693 774 0 $tScuola e cultura.$w()324297 996 $6245$aIl carattere della razionalità moderna ; L'autonomia scolastica come riforma delle istituzioni ; La risorsa educativa della continuità ; Don Milani :$briparliamone ; Contiene : Inserto "Trasferimenti e passaggi guida alla mobilità 96/97... - 112 p.$9(OLS)http://semarc/title/366075